Nároky zamestnávateľov na vysokoškolské vzdelávanie (zo správy o výskume)

Bibliographic Details
Main Author: Smida, Jozef (Author)
Format: Article
Language:Slovak
PhysicalDescription:Tab.
ISSN:1335-5864
Subjects:

MARC

LEADER 00000nab a2200000 a 4500
001 vtls000818508
003 SK-MaSNL
005 20260302151324.0
008 220810c2002 xo 0 slo
015 |a SNBRB2002/12-41186 
035 |a CLN000170163 
040 |a SNKBUCL  |b slo  |c SNKBUCL  |e AACR2 
041 0 |a slo 
044 |a xo  |c SK 
080 |a 378  |2 1997 
100 1 |a Smida, Jozef  |4 aut  |9 5448 
245 1 0 |a Nároky zamestnávateľov na vysokoškolské vzdelávanie  |b (zo správy o výskume)  |c Jozef Smida 
300 |b Tab. 
504 |a Bibliogr. odkazy 
650 0 7 |a vzdelávanie vysokoškolské  |x zamestnávatelia  |x nároky  |2 snkbucl  |9 842675 
655 7 |a články z novín a časopisov  |2 snkbucl  |9 267496 
773 0 |t Academia  |g Roč. 13, č. 4 (2002), s. 8-15  |x 1335-5864 
850 |a Slovenská národná knižnica v Martine 
852 |a SNK  |b KIS3GCP 
954 |a odborná, vedecká literatúra pôvodná (slovenská)  |2 lita 
958 |a OND 
958 |a NB 
958 |a article 
992 |a RBX 
999 |c 1359513  |d 1361443